[Event "Andalusia-ch U18"]
[Site "Salobrena"]
[Date "2022.07.01"]
[Round "3"]
[White "Arce Gonzalez, Dario"]
[Black "Lorente Serrano, Rosa Adela"]
[Result "0-1"]
[WhiteElo "1854"]
[BlackElo "1930"]
[PlyCount "62"]
[EventDate "2022.06.30"]
[EventType "swiss"]
[EventRounds "6"]
[EventCountry "ESP"]
[SourceTitle "EXT 2023"]
[Source "ChessBase"]
[SourceDate "2022.10.05"]
[SourceVersion "1"]
[SourceVersionDate "2022.10.05"]
[SourceQuality "1"]

1. d4 d6 2. c4 e5 3. dxe5 dxe5 4. Qxd8+ Kxd8 5. Nf3 f6 6. Nc3 Be6 7. e3 c6 8. Bd2 Nd7 9. Be2 a5 10. 0-0 g5 11. e4 Ne7 12. Rfd1 Ke8 13. Be3 Ng6 14. Ne1 Nf4 15. Bf1 h5 16. g3 Nh3+ 17. Kg2 h4 18. Nc2 Be7 19. Be2 hxg3 20. hxg3 Nf4+ 21. Bxf4 Bh3+ 22. Kg1 exf4 23. g4 Ne5 24. Nd4 Nxg4 25. Nf5 Bc5 26. Ng7+ Ke7 27. Nf5+ Ke8 28. Ng7+ Kf7 29. Rd7+ Kg8 30. Bxg4 Bxg4 31. Nf5 Bf3 0-1

[Event "Titled Tuesday intern op 21st Jun Early"]
[Site "Chess.com INT"]
[Date "2022.06.21"]
[Round "6"]
[White "Legenia, Artem"]
[Black "Lorente Serrano, Rosa Adela"]
[Result "1-0"]
[WhiteElo "2092"]
[BlackElo "1930"]
[PlyCount "49"]
[EventDate "2022.06.21"]
[EventType "swiss (blitz)"]
[EventRounds "11"]
[EventCountry "USA"]
[SourceTitle "EXT 2023"]
[Source "ChessBase"]
[SourceDate "2022.10.05"]
[SourceVersion "1"]
[SourceVersionDate "2022.10.05"]
[SourceQuality "1"]

1. d4 Nf6 2. Nf3 g6 3. e3 Bg7 4. b3 0-0 5. Bb2 d6 6. Bd3 Nbd7 7. Nbd2 e5 8. 0-0 Re8 9. dxe5 Ng4 10. Qc1 Ndxe5 11. Nxe5 Nxe5 12. Be2 a5 13. Nf3 a4 14. Bxe5 dxe5 15. e4 c6 16. b4 a3 17. c4 Qb6 18. Qc3 Bg4 19. c5 Qc7 20. Rad1 Ra4 21. h3 Bxf3 22. Bxf3 b6 23. Qb3 Rea8 24. Bg4 b5 25. Rd7 1-0

[Event "Titled Tuesday intern op 22nd Feb Early"]
[Site "Chess.com INT"]
[Date "2022.02.22"]
[Round "4"]
[White "Jodorcovsky Werjivker, Paulo"]
[Black "Lorente Serrano, Rosa Adela"]
[Result "1-0"]
[WhiteElo "2213"]
[BlackElo "1921"]
[PlyCount "65"]
[EventDate "2022.02.22"]
[EventType "swiss (blitz)"]
[EventRounds "11"]
[EventCountry "USA"]
[SourceTitle "CBM 207 Extra"]
[Source "ChessBase"]
[SourceDate "2022.05.31"]
[SourceVersion "1"]
[SourceVersionDate "2022.05.31"]
[SourceQuality "1"]

1. d4 Nf6 2. c4 e6 3. Nc3 Bb4 4. f3 c5 5. d5 d6 6. e4 exd5 7. cxd5 0-0 8. Nge2 Nbd7 9. Bf4 c4 10. Ng3 Re8 11. Bxc4 Qc7 12. Qe2 Bxc3+ 13. bxc3 b5 14. Bxb5 Qxc3+ 15. Kf2 a6 16. Rhc1 Qd4+ 17. Be3 Qe5 18. Bc6 Rb8 19. Nf5 Rb2 20. Bd2 Qxh2 21. Rh1 Qe5 22. Ne3 Qd4 23. Rhd1 Ne5 24. Kf1 Bd7 25. Qe1 Nd3 26. Bc3 Bxc6 27. Bxd4 Nxe1 28. dxc6 Nc2 29. Nxc2 Rxc2 30. Rac1 Rxa2 31. c7 Rc8 32. Bxf6 gxf6 33. Rxd6 1-0